000 00635nam a2200229 i 4500
001 bg
100 1 _aTATARKIEWICZ, Łukasz
245 0 _aExcel 5.0 :
_bopis działania /
_cŁukasz Tatarkiewicz.
260 _aWarszawa :
_bEXIT,
_c[1994].
300 _a413 s. :
_brys. ;
_c20 cm.
490 1 _aArkusze Kalkulacyjne
630 0 9 _aExcel
_xprogramowanie
650 9 _aProgramy komputerowe
_xrachunkowość
_xstosowanie
830 _aArkusze Kalkulacyjne
020 _a8385451315
040 _cBPK
041 0 _apl
080 _a657:681.322.06
920 _a83-85451-31-5
942 _cKS
008 s pl f |000 0 pol
999 _c6584
_d6584
856 _uhttp://koha.tu.koszalin.pl/cgi-bin/koha/opac-detail.pl?biblionumber=6584
_yKatalog online BPK